| 000 | 00761nac a22001811u 4500 | ||
|---|---|---|---|
| 008 | 100908t xxu||||| |||| 00| 0 eng d | ||
| 010 | _a 99032118 | ||
| 020 | _a0137275870 | ||
| 082 | 0 | 0 |
_a621.3192 _bZOR |
| 100 |
_aZornesky, Jerome. _918802 |
||
| 245 | 1 | 0 |
_aCircuit Analysis : _bAn Integrated Approach / _cJerome Zornesky, Stephen H. Maybar. |
| 260 |
_aUpper Saddle River, N.J. : _bPrentice Hall, _cc2000. |
||
| 300 |
_axii, 362 p. : _bill. ; _c29 cm. |
||
| 650 | 0 |
_aElectric circuit analysis. _918803 |
|
| 700 | 1 |
_aMaybar, Stephen H. _918804 |
|
| 942 |
_cBB _k621.3192 ZOR _2ddc |
||
| 999 |
_c1932 _d1932 |
||